000 00268nam a2200109Ia 4500
008 190216s9999||||xx |||||||||||||| ||und||
100 _aKuttikrishna Marar
245 0 _aSahithya Sallapam
260 _bMarar Sahithya Prakasam
650 _aEssay Malayalam
942 _cBK
999 _c26206
_d26206